[Event "Bad Woerishofen op"]
[Site "Bad Woerishofen"]
[Date "2001.??.??"]
[Round "6"]
[White "Pflug, Matthias"]
[Black "Pirrot, Dieter"]
[Result "0-1"]
[WhiteElo "2177"]
[BlackElo "2445"]
[Annotator "ChessOrg"]
[PlyCount "76"]
[EventDate "1998.03.05"]
[Source "ChessBase"]
[SourceDate "1998.04.29"]

1. e4 {C52: Evans-Gambit (Hauptvariante)} 1... e5 2. Nf3 Nc6 3. Bc4 Bc5 4. b4
Bxb4 5. c3 Ba5 6. d4 d6 7. Qb3 Qd7 8. dxe5 Bb6 9. Nbd2 Na5 10. Qc2 Nxc4 11.
Nxc4 d5 12. exd5 Qxd5 13. Qa4+ Bd7 14. Nxb6 cxb6 15. Qd4 Bc6 16. O-O 16...
O-O-O {letzter Buchzug} 17. Rd1 (17. Qg4+ 17... Kb8 $16) 17... Ne7 $11 18. Qg4+
Bd7 19. Rxd5 Bxg4 20. Rxd8+ Rxd8 21. Bg5 Re8 22. Bxe7 Rxe7 23. Re1 Bxf3 24.
gxf3 Kd7 25. f4 Ke6 26. Re4 Rc7 27. c4 Rd7 28. Kg2 Rd2 29. a3 Rd3 30. Re3 Rd4
31. Kg3 Rxc4 32. Kg4 b5 33. Rb3 a6 34. h4 f6 35. exf6 Kxf6 36. Rd3 b4 37. a4
Rc6 38. a5 $2 (38. h5 $19 $142) 38... b6 (38... b6 39. Kf3 39... bxa5 $19) 0-1

[Event "Bad Woerishofen op"]
[Site "Bad Woerishofen"]
[Date "2001.??.??"]
[Round "8"]
[White "Pflug, Matthias"]
[Black "Schwalfenberg, Joerg"]
[Result "1/2-1/2"]
[WhiteElo "2177"]
[BlackElo "2357"]
[Annotator "ChessOrg"]
[PlyCount "119"]
[EventDate "1998.03.05"]
[Source "ChessBase"]
[SourceDate "1998.04.29"]

1. e4 {B15: Caro-Kann (Flohr-Variante)} 1... c6 2. d4 d5 3. Nc3 b5 4. e5 {
letzter Buchzug} 4... h5 5. Bd3 b4 6. Nce2 e6 7. Be3 Ne7 8. f4 (8. Nf4 8... Ba6
$14) 8... Ba6 $11 9. Nf3 Qb6 10. Bf2 Nd7 11. Nc1 Bxd3 12. Nxd3 Nf5 13. Qd2 Be7
14. g3 a5 15. h3 Qb5 16. O-O g6 17. Kh2 Nb6 18. b3 Nd7 19. Rac1 c5 20. dxc5
Nxc5 21. Nxc5 Bxc5 22. Bxc5 Qxc5 23. c3 Qb6 24. a3 (24. Rfe1 24... Rd8 $14)
24... bxc3 (24... bxa3 $5 $142 25. Ra1 25... Qxb3 $17) 25. Rxc3 $14 25... d4 (
25... h4 $5 26. g4 26... Ng3 $14) 26. Rd3 $16 26... Rd8 27. b4 axb4 28. Rb1 Qc6
29. Rxb4 h4 30. gxh4 Qe4 31. Ng5 Qd5 32. Qg2 (32. a4 32... Qc6 $14) 32... Qxg2+
$11 33. Kxg2 Nxh4+ 34. Kf2 Nf5 35. Ke2 O-O 36. Ne4 Kg7 37. Nd6 (37. Rdb3 $5 $16
$142) 37... Nxd6 $11 38. exd6 Rxd6 39. Rbxd4 Ra6 40. a4 Rfa8 41. Ra3 Ra5 42.
Kd3 Rc5 43. Rc4 Rh5 44. Ke2 Kf6 45. Kf2 Rd5 46. Kg3 Raa5 47. Rf3 Kf5 48. Rb3
Kf6 49. Rb7 Rd3+ (49... Rh5 50. h4 $11) 50. Kg4 $14 50... Rf5 51. Rb5 (51. a5
Ra3 (51... Rxa5 $143 52. Rcc7 e5 53. Rxf7+ Ke6 54. Rg7 $18) 52. Rcc7 52... Kg7
$11) 51... Kg7 52. Kh4 (52. Rb7 Kh6 53. Rb8 53... Ra3 $11) 52... f6 (52... Ra3
$5 $17 $142) 53. Rxf5 (53. Kg4 53... Rd1 $14) 53... exf5 $11 54. a5 Kh6 (54...
Ra3 $5 $11) 55. Rc6 $14 55... Rf3 56. Rxf6 Rxf4+ 57. Kg3 Ra4 58. a6 Kh5 59. Kg2
Ra5 60. Rb6 1/2-1/2

[Event "Bad Woerishofen op"]
[Site "?"]
[Date "2001.??.??"]
[Round "1"]
[White "Pircher, Karl"]
[Black "Simutowe, Amon"]
[Result "0-1"]
[WhiteElo "2041"]
[BlackElo "2462"]
[Annotator "ChessOrg"]
[PlyCount "52"]
[EventDate "2000.??.??"]

1. d4 {E94: Koenigsindisch (Klassisches System)} 1... Nf6 2. c4 g6 3. Nc3 Bg7
4. e4 d6 5. Nf3 O-O 6. Be2 e5 7. O-O Na6 8. d5 Nc5 9. Qc2 a5 10. Ne1 Nfd7 11.
Nd3 f5 12. f3 12... f4 {letzter Buchzug} 13. b3 g5 14. Nf2 Rf6 15. a3 h5 16.
Rb1 a4 17. b4 Nb3 18. Bb2 Nd4 19. Qd1 Rg6 20. h3 (20. Bd3 g4 21. fxg4 21...
hxg4 $11) 20... Nf6 21. Re1 Nxe2+ 22. Qxe2 g4 23. fxg4 (23. Kh1 gxh3 24. Nxh3
24... Rg3 $17) 23... hxg4 $17 24. hxg4 Nxg4 25. Nxg4 Bxg4 (25... Rxg4 $143 26.
Rf1 $15) 26. Qf2 (26. Qf1 Qh4 27. Qf2 27... Qh7 $19) 26... Bf6 (26... Bf6 27.
Qd2 27... Bh4 $19) 0-1

[Event "Bad Woerishofen op"]
[Site "Bad Woerishofen"]
[Date "2001.??.??"]
[Round "3"]
[White "Pircher, Karl"]
[Black "Theuermeister, Peter"]
[Result "1-0"]
[WhiteElo "2041"]
[BlackElo "1587"]
[Annotator "ChessOrg"]
[PlyCount "77"]
[EventDate "1998.03.05"]
[Source "ChessBase"]
[SourceDate "1998.04.29"]

1. d4 {D67: Damengambit (Hauptvariante, Capablancas Entlastungsmanoever)} 1...
Nf6 2. c4 e6 3. Nc3 d5 4. Bg5 Be7 5. e3 c6 6. Nf3 O-O 7. Bd3 Nbd7 8. O-O dxc4
9. Bxc4 Nd5 10. Bxe7 Qxe7 11. Rc1 11... N7f6 {letzter Buchzug} 12. Qe2 Nxc3 13.
Rxc3 Nd5 14. Rcc1 Bd7 15. Bd3 g6 16. a3 Rac8 17. Qc2 b6 18. Ne5 (18. b4 18...
f6 $14) 18... Be8 19. Be4 f6 20. Nd3 Bd7 21. Qb3 Kg7 22. Bf3 Qd6 23. Rfd1 Ne7
24. Qa2 Nf5 25. g3 Qe7 26. b4 Rfd8 27. Rd2 c5 (27... Qd6 $5 $14) 28. bxc5 $16
28... bxc5 (28... Bc6 29. Bxc6 Rxc6 30. Rdc2 $16) 29. Nxc5 e5 30. Rcd1 (30. Qb2
$5 30... exd4 31. exd4 $18) 30... exd4 $14 31. exd4 Nxd4 32. Rxd4 Rxc5 33. Qd2
Rc7 34. Qa5 (34. Be2 $16 $142) 34... Qe5 $4 (34... Rdc8 $14 $142) 35. Rd5 $18
35... Bh3 (35... Qxd5 36. Qxd5 36... Rdc8 $18) 36. Rxe5 Rxd1+ 37. Bxd1 Rc1 38.
Re7+ Kh6 39. Qd2+ (39. Qd2+ g5 40. Qxc1 Bf5 41. Qc6 Bg6 42. Qxf6 g4 43. Qf4+
Kh5 44. Bxg4#) 1-0

[Event "Bad Woerishofen op"]
[Site "Bad Woerishofen"]
[Date "2001.??.??"]
[Round "5"]
[White "Pircher, Karl"]
[Black "Luhn, Robert"]
[Result "1-0"]
[WhiteElo "2041"]
[BlackElo "1800"]
[Annotator "ChessOrg"]
[PlyCount "69"]
[EventDate "1998.03.05"]
[Source "ChessBase"]
[SourceDate "1998.04.29"]

1. d4 {D44: Damengambit (Botwinnik-Variante)} 1... d5 2. c4 c6 3. Nc3 Nf6 4.
Nf3 e6 5. Bg5 dxc4 6. e4 b5 7. e5 h6 8. Bh4 g5 9. Nxg5 hxg5 10. Bxg5 Nbd7 11.
exf6 Qb6 12. g3 Bb7 13. Bg2 c5 14. d5 O-O-O 15. O-O b4 16. Na4 Qb5 17. dxe6
Bxg2 18. Kxg2 Qc6+ 19. f3 Qxe6 20. h4 20... Qc6 {letzter Buchzug} 21. Qc2 Bd6
22. a3 Ne5 23. axb4 cxb4 24. Qf5+ Kb7 25. Be3 Rdg8 26. Nc5+ (26. b3 $5 $14 $142
) 26... Bxc5 $15 27. Qxe5 Bd6 28. Rxa7+ Kb8 29. Qf5 29... Bxg3 $4 (29... Rxg3+
30. Kf2 Rxh4 31. Rxf7 c3 32. Ba7+ 32... Ka8 $16) 30. Rfa1 (30. Rxf7 Bf4+ 31.
Rg7 Bxe3 32. Qe5+ Kc8 33. Ra1 Rxg7+ 34. fxg7 $18) 30... Bf4+ $4 (30... Bc7+
$142 31. Kf1 Rxh4 32. Ra8+ Qxa8 33. Rxa8+ Kxa8 34. Qd5+ Kb8 35. Qxf7 Rh1+ 36.
Ke2 Rg2+ 37. Bf2 Rhh2 38. Qf8+ Kb7 39. Qxb4+ Kc8 40. Qf8+ Kb7 41. Qb4+ Kc8 42.
Qf8+ Kb7 43. Qb4+ $11) 31. Kf1 $18 31... Qxf3+ 32. Bf2 32... Rg1+ $4 (32...
Qd3+ 33. Qxd3 33... cxd3 $18) 33. Kxg1 Bh2+ (33... Rg8+ 34. Kf1 Qg2+ 35. Ke1
Bd2+ 36. Kxd2 Rd8+ 37. Ke2 Rd2+ 38. Kxd2 Qxf2+ 39. Qxf2 c3+ 40. Kd3 cxb2 41.
Qb6+ Kc8 42. Qc7#) 34. Kxh2 Qxf5 (34... Rxh4+ 35. Bxh4 Qxf5 36. Bg3+ Kc8 37.
Rc7+ Kb8 38. Rxf7+ Qe5 39. Bxe5+ Kc8 40. Ra8#) 35. Bg3+ (35. Bg3+ Qe5 36. Bxe5+
Kc8 37. Rc7+ Kb8 38. Rxf7+ Kc8 39. Ra8#) 1-0

[Event "Bad Woerishofen op"]
[Site "Bad Woerishofen"]
[Date "2001.??.??"]
[Round "7"]
[White "Pircher, Karl"]
[Black "Emami, Madjid"]
[Result "1-0"]
[WhiteElo "2041"]
[BlackElo "2140"]
[Annotator "ChessOrg"]
[PlyCount "93"]
[EventDate "1998.03.05"]
[Source "ChessBase"]
[SourceDate "1998.04.29"]

1. d4 {A42: Moderne Verteidigung (mit c2-c4/ohne Sf6)} 1... g6 2. c4 Bg7 3. Nc3
d6 4. e4 c6 5. Nf3 Nd7 6. Be2 Qc7 7. O-O e5 8. Be3 {letzter Buchzug} 8... Nh6
9. Ne1 f6 10. Nd3 Nf7 11. Rc1 O-O 12. d5 c5 (12... Bh6 13. Bxh6 Nxh6 14. b4 $11
) 13. Bg4 $14 13... Bh6 14. Qd2 Kg7 15. Be6 Bxe3 16. Qxe3 a6 17. b3 Qd8 18. f3
Rb8 19. a4 Qe7 20. Nf2 Ng5 21. Bxd7 Bxd7 22. Qd3 f5 23. exf5 gxf5 24. Rce1 f4
25. Nfe4 Nxe4 (25... Rg8 26. Re2 $15) 26. Nxe4 (26. fxe4 26... Rg8 $11) 26...
b5 27. axb5 axb5 28. Ra1 bxc4 29. bxc4 (29. Qxc4 $2 29... Bb5 30. Qc2 Bxf1 31.
Kxf1 31... Ra8 $19) 29... Bf5 30. Ra4 Rb7 31. Rfa1 Rfb8 32. Qd1 Qd8 33. Ra7 Qc7
(33... Kh8 34. Rxb7 Rxb7 35. Qc2 $11) 34. R7a6 $11 34... Rb6 35. Ra7 R8b7 36.
Ra8 Rb4 37. Rc1 Qb6 38. h3 Rb1 39. Kh2 Rxc1 40. Qxc1 Bxe4 41. fxe4 Qc7 42. Qd1
Qe7 (42... Qf7 $5 $11) 43. Qg4+ $16 43... Kh6 44. Rg8 (44. Ra6 $14 $142) 44...
Ra7 $4 (44... Qf6 $11 $142) 45. h4 $18 45... Rb7 (45... f3 46. Re8 $3 (46. gxf3
$6 46... Qf6 $18) 46... Qg7 47. Re6+ Qg6 48. Rxd6 fxg2 49. Qg5+ Kg7 50. Qxe5+
Kf7 51. Rxg6 hxg6 52. Qe6+ Kg7 53. Kxg2 Ra2+ 54. Kf3 $18) 46. Re8 $3 46... Qxe8
(46... Qf6 47. Re6 Qg6 48. Rxd6 f3 49. Qg5+ Kg7 50. Qxe5+ Kf7 51. Qf4+ Kg7 52.
Rxg6+ hxg6 53. gxf3 53... Re7 $18) 47. Qg5# 1-0

[Event "Bad Woerishofen op"]
[Site "Bad Woerishofen"]
[Date "2001.??.??"]
[Round "9"]
[White "Pircher, Karl"]
[Black "Rau, Uwe"]
[Result "1/2-1/2"]
[WhiteElo "2041"]
[BlackElo "2164"]
[Annotator "ChessOrg"]
[PlyCount "21"]
[EventDate "1998.03.05"]
[Source "ChessBase"]
[SourceDate "1998.04.29"]

1. d4 {E34: Nimzoindisch (4.Dc2)} 1... Nf6 2. c4 e6 3. Nc3 Bb4 4. Qc2 d5 5. e3
O-O 6. Nf3 b6 7. a3 Be7 8. Bd3 {letzter Buchzug} 8... Bb7 9. b4 c5 10. bxc5
bxc5 (10... dxc4 $5 11. Bxc4 bxc5 12. dxc5 12... Qc7 $11) 11. cxd5 $14 1/2-1/2

[Event "Bad Woerishofen op"]
[Site "?"]
[Date "2001.??.??"]
[Round "1"]
[White "Pirrot, Dieter"]
[Black "Gossmann, Ewald"]
[Result "1-0"]
[WhiteElo "2445"]
[BlackElo "2014"]
[Annotator "ChessOrg"]
[PlyCount "43"]
[EventDate "2000.??.??"]

1. e4 {B15: Caro-Kann (Flohr-Variante)} 1... g6 2. d4 Bg7 3. Nc3 c6 4. f4 d5 5.
e5 h5 6. Be3 Nh6 7. Nf3 Bg4 8. h3 Bxf3 9. Qxf3 Nf5 10. Bf2 h4 11. Bd3 e6 12.
O-O Bf8 13. Ne2 13... Be7 {letzter Buchzug} 14. b3 Nd7 15. c4 Kf8 16. Rfb1 Kg7
17. c5 Qg8 18. b4 a6 19. a4 Qh7 20. b5 axb5 21. axb5 21... Rac8 $4 (21... Qg8
$16 $142) 22. bxc6 $18 (22. bxc6 bxc6 23. Ra7 $18) 1-0

[Event "Bad Woerishofen op"]
[Site "Bad Woerishofen"]
[Date "2001.??.??"]
[Round "3"]
[White "Pirrot, Dieter"]
[Black "Stippekohl, Peter"]
[Result "1/2-1/2"]
[WhiteElo "2445"]
[BlackElo "2195"]
[Annotator "ChessOrg"]
[PlyCount "88"]
[EventDate "1998.03.05"]
[Source "ChessBase"]
[SourceDate "1998.04.29"]

1. e4 {B12: Caro-Kann (Vorstoss-Variante)} 1... c6 2. d4 d5 3. e5 Bf5 4. Nc3
Qb6 5. Bd3 Bxd3 6. Qxd3 Qa6 7. Qh3 e6 8. Nge2 8... c5 {letzter Buchzug} 9. Nxd5
Qa5+ 10. Ndc3 (10. Qc3 $5 10... Qxc3+ 11. Ndxc3 $16) 10... cxd4 $14 11. Nxd4
Qxe5+ 12. Nde2 Bb4 13. Bf4 Bxc3+ (13... Qf6 14. O-O-O Nc6 15. Nb5 $16) 14. bxc3
$16 14... Qf6 15. Rb1 Nc6 16. Rxb7 Nge7 17. O-O O-O 18. c4 Rfd8 19. Qa3 Nf5 20.
Bc7 Rd2 21. Ng3 (21. Qf3 21... e5 $16) 21... Nxg3 $14 22. Bxg3 (22. Qxg3 Rxc2
23. Bf4 23... Rxc4 $17) 22... Nd4 23. Rxa7 Rxa7 24. Qxa7 Ne2+ 25. Kh1 h5 (25...
Nxg3+ 26. hxg3 g6 27. Rb1 $14) 26. Qb8+ (26. Qa8+ Rd8 27. Qa5 Nxg3+ 28. hxg3
28... g6 $16) 26... Kh7 27. Qe5 Nxg3+ 28. Qxg3 Rxc2 (28... g6 $5 $14 $142) 29.
Qd3+ $16 29... Qg6 30. Qxg6+ Kxg6 31. Ra1 Rxf2 32. a4 Rc2 33. a5 Rxc4 34. a6
Rc8 35. a7 Ra8 36. Kg1 Kf6 37. Kf2 g6 38. Ke3 (38. Kf3 38... Ke5 $11) 38... Ke5
$15 39. h3 Kd5 40. g4 hxg4 41. hxg4 g5 42. Ra6 f6 (42... Kc5 $5 $17) 43. Ra5+
Kd6 44. Kd4 (44. Ke4 Kc6 45. Ra6+ 45... Kd7 $11) 44... f5 1/2-1/2

[Event "Bad Woerishofen op"]
[Site "Bad Woerishofen"]
[Date "2001.??.??"]
[Round "5"]
[White "Pirrot, Dieter"]
[Black "Pelletier, Yannick"]
[Result "1/2-1/2"]
[WhiteElo "2445"]
[BlackElo "2548"]
[Annotator "ChessOrg"]
[PlyCount "48"]
[EventDate "1998.03.05"]
[Source "ChessBase"]
[SourceDate "1998.04.29"]

1. e4 {B22: Sizilianisch (Alapin 2.c3)} 1... c5 2. c3 Nf6 3. e5 Nd5 4. d4 cxd4
5. Qxd4 e6 6. Nf3 Nc6 7. Qe4 f5 8. Qe2 b6 9. g3 9... Nc7 {letzter Buchzug} 10.
c4 (10. Bg5 Be7 11. Bxe7 11... Qxe7 $11) 10... Ba6 11. Nc3 Bb4 12. Bd2 Bxc3 13.
Bxc3 b5 14. Bg2 bxc4 15. Rd1 O-O 16. h4 Rb8 17. Ng5 Ne7 18. Rd6 Bb7 (18... Qc8
$5 $15) 19. Bxb7 $11 19... Rxb7 20. Qd1 (20. Qxc4 20... Qe8 $14) 20... Qc8 (
20... Qe8 $5 21. Rd4 21... Ncd5 $15) 21. Rxd7 $11 21... Ncd5 22. Rd6 Nc7 23.
Rd7 Ncd5 24. Rd6 Nc7 1/2-1/2

[Event "Bad Woerishofen op"]
[Site "Bad Woerishofen"]
[Date "2001.??.??"]
[Round "7"]
[White "Pirrot, Dieter"]
[Black "Kekelidse, Mikheil"]
[Result "1/2-1/2"]
[WhiteElo "2445"]
[BlackElo "2512"]
[Annotator "ChessOrg"]
[PlyCount "33"]
[EventDate "1998.03.05"]
[Source "ChessBase"]
[SourceDate "1998.04.29"]

1. e4 {B22: Sizilianisch (Alapin 2.c3)} 1... c5 2. c3 Nf6 3. e5 Nd5 4. d4 cxd4
5. Nf3 e6 6. cxd4 d6 7. Bc4 Nc6 8. O-O Be7 9. Qe2 O-O 10. Nc3 Nxc3 11. bxc3
11... Qa5 {letzter Buchzug} 12. Rd1 dxe5 13. dxe5 Rd8 14. Bg5 Bd7 (14... Qxc3
$4 15. Bxe7 Rd7 16. Bd6 $18) 15. Qe4 h6 16. Bxe7 Nxe7 17. Qxb7 1/2-1/2

[Event "Bad Woerishofen op"]
[Site "Bad Woerishofen"]
[Date "2001.??.??"]
[Round "8"]
[White "Pirrot, Dieter"]
[Black "Doettling, Fabian"]
[Result "0-1"]
[WhiteElo "2445"]
[BlackElo "2509"]
[Annotator "ChessOrg"]
[PlyCount "152"]
[EventDate "1998.03.05"]
[Source "ChessBase"]
[SourceDate "1998.04.29"]

1. e4 {B12: Caro-Kann (Vorstoss-Variante)} 1... c6 2. d4 d5 3. e5 Bf5 4. Nc3
Qb6 5. Bd3 Bxd3 6. Qxd3 e6 7. Nge2 Ne7 8. O-O Nd7 9. a4 9... Rc8 {
letzter Buchzug} 10. a5 Qa6 11. Qh3 (11. Qxa6 $5 11... bxa6 12. f4 $11) 11...
c5 $15 12. Be3 Nc6 (12... cxd4 13. Bxd4 Nc6 14. Qg3 $17) 13. f4 $15 13... Nxd4
(13... Nxa5 $143 14. f5 cxd4 15. Nxd4 $14) 14. Nxd4 cxd4 15. Bxd4 Rc4 16. Ne2 (
16. Rfd1 $5 $15 $142) 16... Rxc2 $17 17. Nc3 Rd2 (17... Rxb2 $6 18. Nxd5 Rc2
19. Rac1 $15) 18. Nxd5 $2 (18. Rfd1 $5 $142 18... Rxd1+ 19. Nxd1 $17) 18... Qc4
(18... exd5 19. Rfc1 Be7 20. Rc7 $17) 19. Be3 Rd3 20. Rac1 Qxd5 21. Rc8+ Ke7
22. f5 22... Rd1 $4 (22... Nxe5 $142 23. fxe6 23... f6 $19 (23... Qxa5 $6 24.
exf7 Nxf7 25. Qh4+ Kd6 26. Bf4+ Ne5 27. Bxe5+ Qxe5 28. Re1 Qd4+ 29. Qxd4+ Rxd4
30. Rd8+ Kc5 31. Rc1+ Kb5 32. Rxd4 $11) (23... fxe6 $2 24. Qh4+ Kd6 25. Qd8+
Nd7 26. Qc7+ Ke7 27. Bg5+ Qxg5 28. Qd8+ Kd6 29. Qxg5 $18)) 23. Bg5+ $4 (23.
Qh4+ f6 24. Qb4+ Kf7 25. fxe6+ Qxe6 26. Rxf8+ Nxf8 27. Rxd1 $16) 23... f6 $19
24. Qh5 (24. exf6+ Nxf6 25. Rc1 Rxf1+ 26. Rxf1 26... e5 $19) 24... Rxf1+ (24...
Qd4+ 25. Be3 Qxe3+ 26. Kh1 Rxf1#) 25. Kxf1 $19 25... Qb5+ 26. Kg1 Nxe5 27. Be3
exf5 28. Qxf5 (28. Bxa7 g6 (28... Qxb2 $4 29. Qe8+ Kd6 30. Rd8+ Nd7 31. Rxd7+
Kc6 32. Rd8+ Kc7 33. Bb8#) 29. Qd1 29... Ke6 $19 (29... Qxb2 30. a6 bxa6 31.
Qd8+ Ke6 32. Qe8+ Kd5 33. Rd8+ Bd6 34. Rxd6+ Kxd6 35. Qxh8 Qc1+ 36. Kf2 Qd2+
37. Kf1 Qd1+ 38. Kf2 Ng4+ 39. Kg3 Qb3+ 40. Be3 Qxe3+ 41. Kh4 Qg5+ 42. Kg3 Ne5+
43. Kf2 Qd2+ 44. Kf1 Qd1+ 45. Kf2 Ng4+ 46. Kg3 Qb3+ 47. Kh4 g5+ 48. Kh5 Qf7#) (
29... Qxa5 30. Bc5+ Kf7 31. Qd5+ Kg7 32. Bxf8+ Rxf8 33. Qxa5 Rxc8 34. Qb6 Rc1+
35. Kf2 $11)) 28... Kf7 (28... Qxa5 $5 29. b4 Qa1+ 30. Rc1 $19) 29. Rc7+ Be7
30. Bc5 Qxc5+ 31. Rxc5 Bxc5+ 32. Kf1 b6 33. Qc2 Rd8 34. b4 Bd4 (34... Bd6 $5
$142 35. axb6 axb6 36. b5 $19) 35. Qxh7 bxa5 36. bxa5 Rb8 37. Qc2 37... Rd8 $4
(37... Rb2 38. Qe4 Bf2 39. g4 $19) 38. h4 $4 (38. Qh7 Be3 39. Qb1 $19) 38...
Rd7 39. h5 Ke7 40. Qc8 Kd6 41. Ke2 Kd5 42. g3 Bc5 43. Qg8+ Kc6 44. Qb3 Re7 (
44... Rd3 45. Qa4+ Kd5 46. g4 $19) 45. Qa4+ Kd5 46. Kf1 Nc6 47. Qb3+ Kd6 48. a6
Re5 49. Qf7 Rg5 50. Kg2 Bd4 51. Kh3 Be5 52. g4 Bd4 53. Qf8+ Kd5 54. Qa8 f5 55.
gxf5 Rxf5 56. Kg4 Rf2 57. Qb7 Kc5 58. Kg5 (58. Kg3 Rb2 59. Qf7 59... Rb6 $19)
58... Rb2 59. Qc8 Rb8 60. Qf5+ Kb6 61. Qe6 Rd8 62. h6 (62. Kg4 62... Rd7 $19)
62... gxh6+ 63. Kxh6 Bc5 64. Kg5 Rd6 65. Qc8 Nb4 66. Qb7+ Ka5 67. Qc7+ Ka4 68.
Kf5 Rxa6 69. Ke4 Re6+ 70. Kf3 Rc6 71. Qd7 a5 72. Ke2 Kb5 73. Kd1 a4 74. Kc1 a3
75. Qf5 (75. Qb7+ Bb6+ 76. Kd1 $19) 75... a2 76. Kb2 Kb6 (76... Kb6 77. Qe4
77... Rd6 $19) (76... Ka4 77. Qc2+ Nxc2 78. Kxc2 a1=Q 79. Kd3 Qe1 80. Kc4 Qe2+
81. Kd5 Qe6#) 0-1

[Event "Bad Woerishofen op"]
[Site "?"]
[Date "2001.??.??"]
[Round "1"]
[White "Platten, Herbert"]
[Black "Abhau, Jochen"]
[Result "0-1"]
[WhiteElo "1900"]
[BlackElo "2282"]
[Annotator "ChessOrg"]
[PlyCount "36"]
[EventDate "2000.??.??"]

1. d4 {E24: Nimzoindisch (Saemisch-Variante)} 1... e6 2. c4 Nf6 3. Nc3 Bb4 4.
f3 d5 5. a3 Bxc3+ 6. bxc3 c5 7. e3 Nc6 8. Bd2 {letzter Buchzug} 8... O-O 9. Bd3
dxc4 10. Bxc4 e5 11. dxc5 Nh5 12. Ne2 $4 (12. Qa4 $11 $142) 12... Qh4+ $19 13.
g3 Qxc4 14. g4 Nf6 15. h4 e4 16. g5 exf3 17. Nd4 (17. gxf6 Bg4 (17... Qxe2+ $6
18. Qxe2 fxe2 19. Rg1 $19) (17... fxe2 $6 18. Qxe2 Qxe2+ 19. Kxe2 $19) 18. fxg7
18... Rfd8 $19) 17... Bg4 18. Qb1 (18. gxf6 18... f2+ $1 19. Kxf2 Bxd1 20. fxg7
Nxd4 21. gxf8=Q+ Kxf8 22. Re1 $19) 18... Nxd4 $1 (18... Nxd4 19. Rh2 f2+ 20.
Rxf2 Nf3+ 21. Kd1 Ne4 22. Rxf3 Rad8 23. Qxe4 Qxe4 24. Kc1 Qxf3 25. Kb2 Rxd2+
26. Kb3 Qd5+ 27. c4 Qd3+ 28. Kb4 Rb2+ 29. Ka5 Qxc4 30. c6 Qb5#) 0-1

[Event "Bad Woerishofen op"]
[Site "Bad Woerishofen"]
[Date "2001.??.??"]
[Round "3"]
[White "Platten, Herbert"]
[Black "Puth, Dieter"]
[Result "0-1"]
[WhiteElo "1900"]
[BlackElo "2185"]
[Annotator "ChessOrg"]
[PlyCount "102"]
[EventDate "1998.03.05"]
[Source "ChessBase"]
[SourceDate "1998.04.29"]

1. d4 {D85: Gruenfeld-Verteidigung (Hauptfortsetzung)} 1... Nf6 2. c4 g6 3. Nc3
d5 4. cxd5 Nxd5 5. e4 Nxc3 6. bxc3 c5 7. Nf3 Bg7 8. Be3 O-O 9. h3 {
letzter Buchzug} 9... Qa5 10. Qd2 Nc6 11. Rc1 cxd4 12. cxd4 Qxd2+ 13. Kxd2 f5
14. Bc4+ Kh8 15. exf5 Bxf5 16. d5 Rad8 17. Ke2 Na5 18. Rhd1 Be4 19. Bxa7 Nxc4 (
19... Ra8 $5 20. Be3 Nxc4 21. Rxc4 Rxa2+ 22. Kf1 Ra1 23. Rxa1 Bd3+ 24. Kg1
24... Bxc4 $11 (24... Bxa1 $143 25. Rc7 $14)) 20. Rxc4 $11 20... Bxd5 21. Rc7
e6 22. Ng5 h6 23. Nf7+ Rxf7 24. Rxd5 (24. Rxf7 $4 24... Bc4+ 25. Ke3 Rxd1 26.
Rxb7 Re1+ 27. Kd2 Re2+ 28. Kc1 28... Rxa2 $19) 24... Rxd5 (24... exd5 25. Rxf7)
25. Rxf7 Rb5 26. Kd3 b6 27. Rb7 Ra5 28. Bxb6 Rxa2 29. Be3 Kg8 30. Re7 Ra6 31.
Ke4 Bf6 32. Rc7 Ra4+ 33. Kf3 g5 34. g3 h5 35. Kg2 Ra5 36. Bd2 Ra2 37. Bb4 (37.
Rd7 37... g4 $11) 37... Bd4 $15 38. Rc8+ Kg7 39. Bc5 (39. Be1 $5 $15) 39...
Rxf2+ $17 40. Kh1 Bxc5 41. Rxc5 Kf6 42. h4 (42. Kg1 $5 42... Rd2 43. Rc4 $17)
42... gxh4 $19 43. Rxh5 $2 (43. gxh4 $142 43... e5 44. Rc3 $19) 43... hxg3 44.
Rh3 (44. Kg1 $19) 44... Rh2+ 45. Rxh2 gxh2 46. Kxh2 Kf5 47. Kg3 Ke4 48. Kf2 Kd3
49. Ke1 e5 50. Kd1 e4 51. Ke1 Ke3 (51... Ke3 52. Kd1 52... Kf2 $19) 0-1

[Event "Bad Woerishofen op"]
[Site "Bad Woerishofen"]
[Date "2001.??.??"]
[Round "5"]
[White "Platten, Herbert"]
[Black "Sakowski, Christian"]
[Result "1-0"]
[WhiteElo "1900"]
[BlackElo "1713"]
[Annotator "ChessOrg"]
[PlyCount "137"]
[EventDate "1998.03.05"]
[Source "ChessBase"]
[SourceDate "1998.04.29"]

1. d4 {D85: Gruenfeld-Verteidigung (Hauptfortsetzung)} 1... Nf6 2. c4 g6 3. Nc3
d5 4. cxd5 Nxd5 5. e4 Nxc3 6. bxc3 Bg7 7. Nf3 O-O 8. h3 c5 9. Be3 Nc6 10. Qd2
cxd4 11. cxd4 11... Re8 {letzter Buchzug} 12. Rc1 Na5 (12... e5 $5 13. d5 13...
Nd4 $14) 13. Bb5 $16 13... Rf8 14. Bh6 a6 15. Bxg7 Kxg7 16. Be2 b5 17. O-O Bb7
18. Qf4 (18. d5 18... Rc8 $16) 18... Rc8 (18... Qd6 19. Qh4 $11) 19. Rxc8 Qxc8
20. Rc1 Qb8 21. Qh4 f6 22. d5 Rc8 23. Rxc8 Bxc8 24. e5 Qc7 25. d6 Qd8 26. dxe7
Qxe7 27. a4 27... bxa4 $2 (27... Bb7 $142 28. axb5 Bxf3 29. exf6+ Qxf6 30.
Qxf6+ Kxf6 31. gxf3 axb5 32. Bxb5 32... Kg5 $14) 28. Qxa4 $18 28... Qc5 29.
exf6+ Kxf6 30. Qa1+ Kf7 31. Qh8 Qc1+ 32. Kh2 Qc7+ 33. g3 Ke6 34. Ng5+ Kd6 35.
Nxh7 (35. Qxh7 Qc2 36. Nf7+ 36... Kc5 $16) 35... Bb7 (35... Qb6 36. Kg2 (36.
Qxc8 $143 36... Qxf2+ 37. Kh1 Qe1+ 38. Kg2 Qxe2+ 39. Kg1 39... Nc6 $15) 36...
Qc6+ 37. f3 $18) 36. Ng5 (36. Bxa6 $142 36... Bxa6 37. Qf6+ Kc5 38. Qxa6 Qxh7
39. Qxa5+ Kd4 40. Qd2+ Ke4 41. Kg2 $18) 36... Qc2 $4 (36... Qe7 37. Qd4+ Kc6
38. Qd2 $18) 37. Qd4+ (37. Qd8+ $142 37... Kc6 38. Ne6 Qb1 39. Qc7+ 39... Kd5
$18) 37... Kc6 $4 (37... Kc7 38. Ne6+ Kb8 39. Qe5+ Ka7 40. Qe3+ (40. Qxa5 Qxe2
41. Qc5+ 41... Kb8 $11) 40... Ka8 41. Bxa6 Bxa6 42. Qb6 $18) 38. Bf3+ (38. Ne4
$142 38... Bc8 39. Bd3 $18) 38... Kb5 (38... Kc7 39. Ne6+ Kb8 40. Qb6 $18) 39.
Ne4 Bxe4 40. Bxe4 (40. Qxe4 $6 40... Qxf2+ 41. Bg2 41... Qf6 $11) 40... Qc5 41.
Qxc5+ Kxc5 42. Bxg6 Nc6 43. h4 Ne7 (43... a5 44. Bc2 Kd6 45. Ba4 $18) 44. Bc2
Kd6 45. Kh3 (45. h5 45... Ke6 $18) 45... Ke6 46. Kg4 Kf6 47. h5 Ng8 (47... Nd5
48. Be4 Nc3 49. Kf4 $18) 48. Kf4 Nh6 49. g4 Nf7 50. Bb3 Ng5 (50... a5 51. Ke4
$18) 51. f3 (51. Ke3 51... a5 $18) 51... Nh7 52. Bc2 Nf8 (52... Ng5 53. Ke3 $18
) 53. Bf5 (53. g5+ $142 53... Ke7 $18) 53... Kg7 54. Ke3 a5 55. Kd4 a4 (55...
Kh6 56. f4 $18) 56. Kc3 (56. g5 a3 57. Kc3 a2 58. h6+ 58... Kf7 $18) 56... a3 (
56... Kh6 57. f4 $18) 57. Kb3 (57. g5 57... Kf7 $18) 57... a2 58. Kxa2 Kg8 59.
Kb3 Kg7 60. Kc4 Kh8 61. f4 Kg7 62. Kd5 Kf7 63. Ke5 Kg7 64. g5 Kf7 65. Kd6 Kg7 (
65... Ke8 $18) 66. Ke7 Kh8 67. Be4 (67. Kxf8 $6 $11) 67... Kg7 68. f5 Kg8 69.
Bd5+ (69. Bd5+ Kg7 70. f6+ Kh7 71. Kxf8 Kh8 72. Ke7 Kh7 73. f7 Kg7 74. f8=Q+
Kh7 75. g6#) 1-0